|
|
|
|
| LEADER |
00000nam0a2200000 4500 |
| 001 |
352028 |
| 005 |
20231102010447.0 |
| 035 |
|
|
|a (RuTPU)RU\TPU\retro\8190
|
| 090 |
|
|
|a 352028
|
| 100 |
|
|
|a 20191113d1925 m y0rusy50 ca
|
| 101 |
0 |
|
|a rus
|
| 102 |
|
|
|a RU
|
| 105 |
|
|
|a a z 000zy
|
| 200 |
1 |
|
|a О синтезе n-окси-бензофенона. Из лаборатории химической технологии волокнистых и красящих веществ Томского Технологического Института
|e [оттиск статьи]
|f В. И. Минаев
|g Томский технологический институт
|
| 210 |
|
|
|a Томск
|d 1925
|
| 215 |
|
|
|a С. 307-314
|c ил.
|
| 225 |
1 |
|
|a Журнал Русского физико-химического общества
|e Ч. Химическая
|h вып. 3-4
|v Т. LVIII
|
| 316 |
|
|
|5 63413507: ШкА/2362
|a На титульном листе дарственная надпись: "В библиотеку Сибирского Технологического Института от автора. 14.X.1926"
|
| 606 |
1 |
|
|a Фенолы,производные
|2 stltpush
|3 (RuTPU)RU\TPU\subj\32502
|9 55033
|
| 610 |
1 |
|
|a химические опыты
|
| 610 |
1 |
|
|a химические реакции
|
| 610 |
1 |
|
|a омыление
|
| 610 |
1 |
|
|a растворы
|
| 610 |
1 |
|
|a красители
|
| 610 |
1 |
|
|a гидроокислы
|
| 610 |
1 |
|
|a дарственная надпись
|
| 610 |
1 |
|
|a дары автора
|
| 610 |
1 |
|
|a дары библиотеке
|
| 610 |
1 |
|
|a труды учёных ТПУ
|
| 610 |
1 |
|
|a коллекция ТПУ
|
| 675 |
|
|
|a 661.715.7
|v 3
|
| 700 |
|
1 |
|a Минаев
|b В. И.
|c российский химик-органик
|c профессор Томского технологического института (1915-1925)
|c профессор Иваново-Вознесенского химико-технологического института (1930-1943)
|f 1877-1943
|g Василий Иванович
|2 stltpush
|3 (RuTPU)RU\TPU\pers\19082
|
| 712 |
0 |
2 |
|a Томский технологический институт
|c (1896-1923)
|2 stltpush
|3 (RuTPU)RU\TPU\col\9244
|9 24666
|
| 801 |
|
1 |
|a RU
|b 63413507
|c 20191113
|
| 801 |
|
2 |
|a RU
|b 63413507
|c 20191113
|g RCR
|
| 942 |
|
|
|c BK
|